Acciones colectivas: cuestiones actuales y perspectivas de futuro.
Enregistré dans:
| Auteur principal: | |
|---|---|
| Autres auteurs: | |
| Format: | Livre |
| Publié: |
Madrid, España:
Marcial Pons,
2018.
|
| Sujets: | |
| Tags: |
Ajouter un tag
Pas de tags, Soyez le premier à ajouter un tag!
|
MARC
| LEADER | 00000cam a2200000 a 4500 | ||
|---|---|---|---|
| 001 | UCC9399 | ||
| 003 | CL-VaPUC | ||
| 005 | 20220822114656.0 | ||
| 008 | 220822t2018 ||||| |||| 00| 0 eng d | ||
| 999 | |c 375580 |d 375578 | ||
| 020 | |a 978-84-9123-609-2 | ||
| 040 | |c Pontificia Universidad Católica de Valparaíso | ||
| 082 | 0 | 4 | |a 346.45 ARM 2018 |2 21 |
| 100 | 0 | |a Armenta Deu, Teresa |e coordinadora |9 420 | |
| 245 | 1 | 0 | |a Acciones colectivas: cuestiones actuales y perspectivas de futuro. |
| 260 | |a Madrid, España: |b Marcial Pons, |c 2018. | ||
| 300 | |a 509 páginas. | ||
| 500 | |a c.2. Donación Profesor Eduardo Caamaño R. Memo 017. 07/06/2022 | ||
| 583 | |a last modification |c 20190927 15:31:00 |k Rodrigo Vera | ||
| 650 | 0 | |a Derecho privado |9 258243 | |
| 650 | 7 | |a Tutela de derecho |2 CL-VaPUC |9 556114 | |
| 650 | 0 | |a Acciones |9 334173 | |
| 700 | 0 | |a Pereira Puigvert, Silvia |e coordinadora |9 604437 | |
| 942 | |c BK |2 ddc | ||
| 945 | |d 20190927 15:31:00 |a dcastane | ||
| 952 | |0 0 |1 0 |3 erb |4 0 |6 346_450000000000000_ARM_2018 |7 0 |8 A |9 494586 |a BIBDER |b BIBDER |i 5561973 |o 346.45 ARM 2018 |p 5561973 |r 2023-01-25 |w 2019-11-24 |y BK |z Catalogado en:20190927 |k DER | ||
| 952 | |0 0 |1 0 |2 ddc |4 0 |6 346_450000000000000_ARM_2018 |7 0 |8 A |9 586336 |a BIBDER |b BIBDER |c GEN |d 2022-08-22 |e Donación |i 5654370 |o 346.45 ARM 2018 |p 5654370 |r 2023-01-25 |t 2 |w 2022-08-22 |y BK |k DER | ||